000 02092nam2a2200301 4500
001 RU\NLR\bibl\1919198
005 20260408081140.0
010 _a978-5-7314-0270-5
_970
021 _aRU
_b2012-40977
_93028
035 _a(NLR Aleph) 001908674
090 _a3146147
_c3146147
100 _a20120628d2011 |||y0rusy50 ca
101 0 _arus
102 _aRU
105 _aa |||||||||
200 0 _aВып. 9
_eматериалы IX республиканской научно-практической конференции, 5 мая 2011 г.
_f[сост.: Д.И. Макарова
_gнауч. ред.: Г.Б. Чуракова]
210 _d2011
_aБ. м.
215 _a131 с.
_cил.
320 _aБиблиогр. в конце докл.
461 0 _1001RU\NLR\bibl\1329928
_12001#$aТрадиции и инновации в образовании$vВып. 9
_9704512
_cИжевск
_d2008
_fМ-во образования и науки Удмурт. Респ., Ин-т повышения квалификации и переподгот. работников образования Удмурт. Респ., Приоритет. нац. проект "Образование"
_nИзд-во Института повышения квалификации и переподготовки работников образования Удмуртской Республики
_o[сборник]
_tТрадиции и инновации в образовании
_vВып. 9
702 1 _aЧуракова
_bГ. Б.
_4340
702 1 _4220
_8rus
_7ca
_aМакарова
_bД. И.
_cканд. филол. наук, методист
_gДарья Ивановна
_3RU\NLR\auth\77123509
_9106434
711 1 2 _a"Традиции и инновации в образовании", удмуртская республиканская научно-практическая конференция
_d9
_f2011
_eИжевск
_3RU\NLR\AUTH\8810221323
_9327614
801 0 _aRU
_bNLR
_c20120628
_gRCR
801 1 _aRU
_bNLR
_c20120628
942 _cBOOK
980 _aNB